I'll always remember you (Hannah Montana) - lyrics - Statistics

General Stats
  • This quiz has been taken 60 times
  • The average score is 224 of 297
Answer Stats
Answer % Correct
a
98%
I
98%
always
95%
the
93%
The
93%
We
93%
we
93%
you
93%
You
93%
on
90%
go
88%
in
88%
Who
88%
be
85%
by
85%
I'll
85%
I'm
85%
moving
85%
remember
85%
So
85%
so
85%
this
85%
to
85%
come
83%
day
83%
for
83%
For
83%
gone
83%
got
83%
it's
83%
keep
83%
knew
83%
one
83%
say
83%
would
83%
all
80%
All
80%
good
80%
hard
80%
thankful
80%
yesterday's
80%
Yesterday's
80%
glad
78%
goodbye
78%
gotta
78%
many
78%
moment
78%
our
78%
standing
78%
tears
78%
that
78%
And
75%
and
75%
but
75%
But
75%
dreams
75%
future
75%
had
75%
hands
75%
heart
75%
know
75%
my
75%
there
75%
With
75%
after
73%
away
73%
laugh
73%
We'd
73%
years
73%
like
70%
photograph
70%
these
70%
thought
70%
times
70%
forever
68%
hold
68%
I'd
68%
plans
68%
walk
68%
much
65%
never
65%
There'd
65%
there'd
65%
moments
63%
bad
60%
laughter
60%
pain
60%
joy
58%
love
58%
we'll
58%
every
55%
Every
55%
are
53%
can
50%
Memories
50%
now
50%
Up
50%
up
50%
Another
48%
book
48%
look
48%
we're
48%
back
45%
back,
45%
chapter
45%
inside
45%
open
45%
page
45%
touched
45%
wish
45%
Cant
43%
cry
43%
here
43%
knows
43%
luck
43%
right
43%
shared
43%
what
43%
Cause
40%
just
40%
life
40%
smile
40%
towards
40%
world
40%
doors
38%
Yeah
38%
ahead
35%
opens
35%
place,
35%
save
35%
everywhere
33%
heading
33%
em
25%
Everyday
18%
No matching quizzes found
Score Distribution
Percent of People with Each Score
Percentile by Number Answered
Your Score History
You have not taken this quiz